Города по Фото — Б - Statistics

General Stats
  • This quiz has been taken 39 times
  • The average score is 10 of 26
Answer Stats
Picture Answer % Correct
Барселона
87%
Берлин
83%
Брюссель
70%
Будапешт
65%
Бангкок
61%
Бостон
61%
Белград
48%
Бразилиа
48%
Багдад
48%
Баку
48%
Бремен
48%
Бухарест
39%
Братислава
39%
Буэнос-Айрес
35%
Бухара
35%
Бирмингем
35%
Брест
30%
Бейрут
30%
Берген
30%
Богота
22%
Брюгге
22%
Болонья
13%
Брисбен
13%
Батуми
9%
Бандар-Сери-Бегаван
9%
Бангалор
4%
No matching quizzes found
Score Distribution
Percent of People with Each Score
Percentile by Number Answered
Your Score History
You have not taken this quiz